000 00499nam a22002051c 4500
001 a987674045
008 150707s1974 gw |||| 000u ger d
041 _ager
100 1 _aLöwenthal, Richard
245 0 0 _aVom kalten Krieg zur Ostpolitik
264 _aStuttgart :
_bSeewald,
_c1974
300 _a96 S.
650 0 _aAußenpolitik
650 0 _aOstblock
650 0 _aOstpolitik
651 0 _aDeutschland <Bundesrepublik>
942 _cMG
040 _cRU-10907106
003 RU-10907106
999 _c33080
_d33080